Central Library OPAC University of Rajshahi

বাংলাদেশের শিশু ও নারী পরিস্থিতি নিরূপণ ও বিশ্লেষণ / (Record no. 59935)

MARC details
000 -LEADER
fixed length control field 00944nam a2200241 a 4500
001 - CONTROL NUMBER
control field 59935
003 - CONTROL NUMBER IDENTIFIER
rucl marc code BD-RjUL
005 - DATE AND TIME OF LATEST TRANSACTION
control field 20211209080802.0
008 - FIXED-LENGTH DATA ELEMENTS--GENERAL INFORMATION
fixed length control field 161227s2009 bg ||||| |||| 00| 0 ben d
020 ## - INTERNATIONAL STANDARD BOOK NUMBER
International Standard Book Number 9847029200025
035 ## - SYSTEM CONTROL NUMBER
System control number (BD-RjUL)60059
040 ## - CATALOGING SOURCE
Original cataloging agency BD-RjUL
Language of cataloging ben
Transcribing agency BD-RjUL
041 ## - LANGUAGE CODE
Language code of text/sound track or separate title ben
082 ## - DEWEY DECIMAL CLASSIFICATION NUMBER
Edition number 23
Classification number 323.352095492
Author mark and year BAN 2009
245 00 - TITLE STATEMENT
Title বাংলাদেশের শিশু ও নারী পরিস্থিতি নিরূপণ ও বিশ্লেষণ /
260 ## - PUBLICATION, DISTRIBUTION, ETC. (IMPRINT)
Place of publication, distribution, etc. ঢাকা :
Name of publisher, distributor, etc. ইউনিসেফ বাংলাদেশ,
Date of publication, distribution, etc. ২০০৯
300 ## - PHYSICAL DESCRIPTION
Pagination ১৭৪ পৃ. ;
Size ২৮ সেমি.
490 ## - SERIES STATEMENT
Series statement সেপ্টেম্বর ২০০৯
650 ## - SUBJECT ADDED ENTRY--TOPICAL TERM
Topical term or geographic name as entry element Children's rights
Geographic subdivision Bangladesh.
9 (RLIN) 178282
Topical term or geographic name as entry element শিশু অধিকার
Geographic subdivision বাংলাদেশ.
9 (RLIN) 177554
856 ## - ELECTRONIC LOCATION AND ACCESS
Materials specified সেপ্টেম্বর ২০০৯
942 ## - ADDED ENTRY ELEMENTS (KOHA)
Source of classification or shelving scheme Dewey Decimal Classification
Koha item type Books
Holdings
Lost status Source of classification or shelving scheme Damaged status Not for loan Collection code Permanent Location Current Location Shelving location Date acquired Source of acquisition Cost, normal purchase price Total Checkouts Full call number Date last seen Copy number Koha item type
  Dewey Decimal Classification   Not For Loan Non-fiction Central Library, University of Rajshahi Central Library, University of Rajshahi Reading Room 15/05/2011 unicef 0.00   B 323.352095492 BAN 2009 27/12/2016 C-1 Books